000
00293nam a2200109Ia 4500
008
200302s9999 xx 000 0 und d
100
_a
Beryl Mcalhone and Others
245
_a
A Smile in the mind witty thinking in graphic design
260
_b
Phaidon Press Ltd.
260
_c
2015
300
_a
271
999
_c
6055
_d
6055